| 000 | 00000nam 2200000za 4500 |
| 001 | 9.695012 |
| 003 | CaOODSP |
| 005 | 20240319144635 |
| 007 | cr ||||||||||| |
| 008 | 150407s2005||||xxc|||||o f|0| 0 eng d |
| 040 | |aCaOODSP|beng |
| 043 | |an-cn--- |
| 086 | 1 |aHS28-16/2005E-PDF |
| 110 | 1 |aCanada. |bHuman Resources and Skills Development Canada. |
| 245 | 10|aBuilding essential skills in the workplace |h[electronic resource] / |cby The Conference Board of Canada. |
| 260 | |aOttawa : |bHuman Resources and Skills Development Canada, |cc2005. |
| 300 | |a28 p. : |btables |
| 500 | |aThe catalogue number (HS28-16/2005E) and ISBN (0-662-39637-5) for the print edition have been incorrectly copied in this electronic publication. |
| 500 | |aIssued also in French under title: Développer les compétences essentielles en milieu de travail. |
| 500 | |aPlease be advised that alternate formats are not provided for this publication. This resource is no longer active -- Service Canada, March 19, 2024. |
| 590 | |a12-29-Supp|b2012-06-25 |
| 690 | 07|aProfessional development|2gcpds |
| 690 | 07|aSkills|2gcpds |
| 775 | 08|tDévelopper les compétences essentielles en milieu de travail |w(CaOODSP)9.639173 |
| 776 | 0#|tBuilding essential skills in the workplace |w(CaOODSP)9.649613 |
| 856 | 40|ahttp://publications.gc.ca|qPDF|s308 KB|uhttps://publications.gc.ca/collections/collection_2011/rhdcc-hrsdc/HS28-16-2005-eng.pdf |
| 986 | |aHIP-028-03-05E |